| 000 | 00565nam a22001697a 4500 | ||
|---|---|---|---|
| 005 | 20231107054413.0 | ||
| 008 | 231107b |||||||| |||| 00| 0 eng d | ||
| 020 | _a0702110965 | ||
| 041 | _aEnglish | ||
| 082 | _a346.5 COR | ||
| 100 |
_aCorbett, MM, Hahlo, HR and Hofmeyer, G _lEnglish |
||
| 245 |
_aThe Law of Succession in South Africa / _cMM Corbett, HR Hahlo and G Hofmeyer |
||
| 260 |
_aCape Town : _bJuta and Company Ltd, _c1980 |
||
| 300 |
_blvi, 739 pages ; _c26 cm. |
||
| 650 |
_aLegal practice _bLaw |
||
| 942 |
_cBK _6ALISON_BN_VRIES |
||
| 999 |
_c336 _d336 |
||